Sdružení knihoven České republiky

Bibliographic Details
Corporate Author: Sdružení knihoven České republiky
Format: Serial
Language:Czech
Slovak
PhysicalDescription:zv. fotogr. 21 cm
Published: Brno Sdružení knihoven ČR 1994-
ISBN:9788086249438 (brož. : r. 2007)
9788086249643 (brož. : r. 2011)
9788086249674 (brož. : r. 2012)
9788086249735 (brož. : r. 2014)
9788086249780 (brož. : r. 2015)
8086249166 (brož. : r. 2002)
9788086249506 (brož. : r. 2009)
Subjects:

MARC

LEADER 00000cas a22000004a 4500
001 vtls010554571
003 SK-MaSNL
005 20260425194301.0
008 131029c19949999xr ar 100 b0cze c
020 |a 9788086249438 (brož. : r. 2007) 
020 |a 9788086249643 (brož. : r. 2011) 
020 |a 9788086249674 (brož. : r. 2012) 
020 |a 9788086249735 (brož. : r. 2014) 
020 |a 9788086249780 (brož. : r. 2015) 
020 |a 8086249166 (brož. : r. 2002) 
020 |a 9788086249506 (brož. : r. 2009) 
040 |a SVKBB  |b slo  |c SVKBB  |d SNK  |e AACR2 
041 0 |a cze  |a slo 
043 |a e-xr---  |a e-xo--- 
044 |a xr  |c CZ 
072 7 |a 02  |x Knihovníctvo. Informatika  |2 konspekt 
080 |a 026/027:061  |2 2001 
080 |a 026/027  |2 2001 
080 |a 02  |2 2001 
080 |a 01  |2 2001 
080 |a (437.3)  |2 2001 
080 |a (437.6)  |2 2001 
080 |a (058)  |2 2001 
110 2 |a Sdružení knihoven České republiky  |9 84731 
245 1 0 |a Sdružení knihoven České republiky 
246 1 1 |a The Czech Republic Library Association 
246 1 1 |a Bibliotheksverband der Tschechischen Republik 
246 1 |i Od ročníka 2010 len český názov:  |a Sdružení knihoven České republiky v roce ... 
260 |a Brno  |b Sdružení knihoven ČR  |c 1994- 
300 |a zv.  |b fotogr.  |c 21 cm 
310 |a 1x ročne 
362 1 |a 1993- 
500 |a Niektoré ročníky obsahujú prevažne príspevky z kolokvií českých, moravských a slovenských bibliografov 
546 |a Čiastočný text slovenský 
650 0 7 |a knihovnícke asociácie  |2 SNKPH  |9 249859 
650 0 7 |a knižnice  |2 SNKPH  |9 17965 
650 0 7 |a knihovníctvo  |2 SNKPH  |9 1557 
650 0 7 |a bibliografia  |2 SNKPH  |9 24254 
650 0 7 |a Librarians associations  |2 SNKPHeng  |9 274092 
650 0 7 |a Libraries  |2 SNKPHeng  |9 266251 
650 0 7 |a Librarianship  |2 SNKPHeng  |9 266557 
650 0 7 |a Bibliography  |2 SNKPH  |9 266945 
651 7 |a Česko  |2 SNKPH  |9 16753 
651 7 |a Slovensko  |2 SNKPH  |9 14231 
651 7 |a Czechia  |2 SNKPHeng  |9 170107 
651 7 |a Slovakia  |2 SNKPHeng  |9 92630 
655 7 |a ročenky  |2 SNKPH  |9 57146 
655 7 |a Yearbooks  |2 SNKPHeng  |9 120938 
852 |a Štátna vedecká knižnica v Banskej Bystrici 
910 |a svkbb 
910 |a 978-80-86249-43-8 
910 |a 978-80-86249-50-6 
910 |a snk 
919 |a 978-80-86249-67-4 
919 |a 978-80-86249-73-5 
919 |a 978-80-86249-78-0 
919 |a 978-80-86249-64-3 
919 |a 80-86249-16-6 
999 |c 9477  |d 11407 
952 |a SNK  |b SNK  |y PREZ  |7 0  |p 17A1520794  |o snkČSC 4242/2002  |i snk2023/10672  |8 1  |0 0  |1 0  |4 0  |d 2023-07-11  |l 0  |r 2026-02-21 19:29:32  |w 2026-02-21 
952 |a SNK  |b SNK  |y PREZ  |7 0  |p 17A1520795  |o snkČSC 4242/2012  |i snk2023/10673  |8 1  |z Vydané v r. 2013  |0 0  |1 0  |4 0  |d 2023-07-11  |l 0  |r 2026-02-21 19:29:33  |w 2026-02-21 
952 |a SNK  |b SNK  |y PREZ  |7 0  |p 17A1527178  |o snkČSC 4242/2007  |i snk2023/9262  |8 5  |0 0  |1 0  |4 0  |d 2023-06-09  |l 0  |r 2026-02-21 19:49:19  |w 2026-02-21 
952 |a SNK  |b SNK  |y PREZ  |7 0  |p 17A1527176  |o snkČSC 4242/2009  |i snk2023/9310  |8 5  |0 0  |1 0  |4 0  |d 2023-06-12  |l 0  |r 2026-02-21 19:49:19  |w 2026-02-21